000 00707nam a2200241 i 4500
001 bgj
100 1 _aHOLLSTEIN, Walter.
245 1 0 _aDer deutsche Illustriertenroman der Gegenwart :
_bProduktionsweise, Inhalte, Ideologie /
_cWalter Hollstein.
260 _aMünchen :
_bFrancke Verlag,
_c1973.
300 _a204 s. :
_bil. ;
_c19 cm
490 1 _aUni-Taschenbücher
_pGermanistik
_v214
504 _aBibliogr. 197-204.
650 9 _aLiteratura niemiecka
830 _aUni-Taschenbücher
_pGermanistik
020 _a3772010075
040 _cBPK
041 0 _ager
044 _aDEU
080 _a821.112.2
920 _a3-7720-1007-5
942 _cKS
008 s gw f |000 0 ger
999 _c50982
_d50982
856 _uhttp://koha.tu.koszalin.pl/cgi-bin/koha/opac-detail.pl?biblionumber=50982
_yKatalog online BPK